Statistics for Elvis Presley Singles

Click here to take the quiz!

General Stats

  • This quiz has been taken 156 times
  • The average score is 18 of 31

Answer Stats

YearSingle% Correct
'{Hound} Dog'
96%
'{Heartbreak} Hotel'
95%
'{Jailhouse} Rock'
90%
1969'{Suspicious} Minds'
81%
'Don't Be {Cruel}'
78%
'(Let Me Be Your) {Teddy} {Bear}'
78%
'It's {Now} or {Never}'
76%
'Are You {Lonesome} {Tonight}?'
73%
'Return to {Sender}'
73%
'{Love} Me {Tender}'
71%
'All {Shook} {Up}'
66%
'A Big {Hunk} o' {Love}'
60%
1965'{Crying} in the Chapel'
57%
1960'{Stuck} on You'
57%
1970'The {Wonder} of You'
57%
'I {Want} You, I {Need} You, I {Love} You'
54%
'She's Not {You}'
53%
'{Way} Down'
53%
1961'{Wooden} Heart'
53%
1963'(You're the) {Devil} in {Disguise}'
52%
'A {Fool} Such as I'/'I Need {Your} {Love} Tonight'
51%
1957'Too {Much}'
51%
'({Marie}'{s} the Name) His Latest {Flame}'/'Little {Sister}'
49%
'Hard {Headed} {Woman}'
48%
1959'One {Night}'/'I Got {Stung}'
44%
1962'Can't {Help} {Falling} in {Love}'/'{Rock}-{A}-{Hula} Baby'
38%
'Good {Luck} {Charm}'
28%
1977'{Moody} Blue'
28%
1956'I {Forgot} to Remeber to {Forget}'
23%
1958'Don't'
21%
'Surrender'
12%

Score Distribution

Percentile by Number Answered

Percent of People with Each Score

Your Score History

You have not taken this quiz